000 00565nam a2200217 a 4500
001 23018
003 CO-ViMGA
008 141112s2004 ck r 000 u spa d
020 _a9789580498568
040 _aCO-ViMGA
_bspa
_cCO-ViMGA
082 0 4 _aNORm
100 1 _aNorac, Carl
_913640
245 1 0 _aMi mamà es màgica
260 _aColombia :
_bNorma
_c2007
300 _a32p. :
_b27 cm.
490 _aBuenas noches
505 _aMi mama es magica
650 1 4 _aCUENTOS INFANTILES BELGAS
_9234
650 1 4 _aMAGIA - CUENTOS INFANTILES
_913641
942 _2ddc
_cBK
999 _c3355
_d3355